000
00288nam a22001217a 4500
020
_a
0-442-21654-8
082
_a
696 REN'V
100
_a
VAN NOSTRAND RESOURCES
_9
56643
245
_a
RENEWABLE ENERGY IN CITIES
260
_a
AUSTRALIA
_b
VAN NOSTRAND
_c
1984
300
_a
376P
942
_c
BK
999
_c
567015
_d
567015